[Event "FIDE World Uni Blitz-A 1st"]
[Site "Tornelo INT"]
[Date "2021.03.13"]
[Round "5.78"]
[White "Sakshi, Pradyumn"]
[Black "Anipchenko, Polina"]
[Result "0-1"]
[WhiteElo "1504"]
[BlackElo "1619"]
[PlyCount "74"]
[EventDate "2021.03.13"]
[EventType "swiss (blitz)"]
[EventRounds "10"]
[EventCountry "NET"]
[SourceTitle "EXT 2022"]
[Source "ChessBase"]
[SourceDate "2021.10.06"]
[SourceVersion "1"]
[SourceVersionDate "2021.10.06"]
[SourceQuality "1"]

1. e4 e6 2. d4 d5 3. Nc3 Bb4 4. exd5 exd5 5. Nf3 Nf6 6. Be2 h6 7. 0-0 0-0 8. h3 Bf5 9. a3 Ba5 10. Bf4 c6 11. Ne5 Nbd7 12. Bd3 Bxd3 13. Qxd3 Bc7 14. Rfe1 Re8 15. Qf3 Nxe5 16. Bxe5 Bxe5 17. dxe5 Nd7 18. Qf5 Re6 19. f4 Qb6+ 20. Kh2 Qxb2 21. Qd3 Qb6 22. Reb1 Qc7 23. Rb4 b6 24. Rab1 Rf8 25. Qg3 f6 26. exf6 Rexf6 27. Rf1 Nc5 28. Rd4 g5 29. h4 Ne6 30. Rb4 Nxf4 31. hxg5 hxg5 32. Qxg5+ Rg6 33. Rbxf4 Rxg5 34. g3 Rxf4 35. Rxf4 Qe5 36. Kh3 Qxc3 37. Kh4 Qxg3# 0-1